58th Euroconstruct Conference, Paris (Record no. 104905)
[ view plain ]
| 000 -LEADER | |
|---|---|
| fixed length control field | 00900cam a2200193 4500 |
| 001 - CONTROL NUMBER | |
| control field | ##L131925 |
| 008 - FIXED-LENGTH DATA ELEMENTS--GENERAL INFORMATION | |
| fixed length control field | 051216n2004 000 0 eng u |
| 035 ## - SYSTEM CONTROL NUMBER | |
| System control number | (Sirsi) u131925 |
| 041 0# - LANGUAGE CODE | |
| Language code of text/sound track or separate title | eng |
| 050 ## - LIBRARY OF CONGRESS CALL NUMBER | |
| Classification number | 338.4369094 |
| -- | 18 |
| 110 2# - MAIN ENTRY--CORPORATE NAME | |
| Corporate name or jurisdiction name as entry element | Euroconstruct |
| Subordinate unit | Conference |
| Number of part/section/meeting | (58th : |
| Date of meeting or treaty signing | 2004 |
| Location of meeting | Paris) |
| 9 (RLIN) | 4829 |
| 245 00 - TITLE STATEMENT | |
| Title | 58th Euroconstruct Conference, Paris |
| Remainder of title | 2005-2007: prospects for European construction markets |
| -- | international strategies for business location and their impact on non-residential construction in Europe |
| 260 ## - PUBLICATION, DISTRIBUTION, ETC. | |
| Place of publication, distribution, etc. | Paris |
| Name of publisher, distributor, etc. | BIPE |
| Date of publication, distribution, etc. | 2004 |
| 300 ## - PHYSICAL DESCRIPTION | |
| Extent | 2 |
| Type of unit | v. |
| Dimensions | 30cm. |
| 505 2# - FORMATTED CONTENTS NOTE | |
| Formatted contents note | Country reports: western European countries; eastern European countries |
| 505 2# - FORMATTED CONTENTS NOTE | |
| Formatted contents note | Summary report: 2005-2007: prospects for European construction markets. International strategies for business location and their impact on non-residential construction in Europe |
| 690 ## - LOCAL SUBJECT ADDED ENTRY--TOPICAL TERM (OCLC, RLIN) | |
| Topical term or geographic name as entry element | BUILT ENVIRONMENT |
| 942 ## - ADDED ENTRY ELEMENTS (KOHA) | |
| Suppress in OPAC | 0 |
| Withdrawn status | Lost status | Source of classification or shelving scheme | Damaged status | Not for loan | Home library | Current library | Shelving location | Date acquired | Total Checkouts | Full call number | Barcode | Date last seen | Copy number | Price effective from | Koha item type |
|---|---|---|---|---|---|---|---|---|---|---|---|---|---|---|---|
| Dewey Decimal Classification | London | London | Folio | 16/12/2005 | F338.4369094 EUR | 30071685 | 06/08/2019 | 1 | 06/08/2019 | Reference material |